000 00797nam a22002057a 4500
999 _c11446
_d11446
003 AR-CdUCM
008 190404b ||||| |||| 00| 0 spa d
040 _aMUNICIPALIDAD PROVINCIAL DEL CUSCO
_cBIBLIOTECA MUNICIPAL DEL CUSCO
082 _aC / 869.50 /
_bA71
100 _aArias Larreta, Abraham
_914825
245 _aRadiografía de la literatura Peruana, parte II :
_bcon una antología de la vanguardia poética /
260 _aTrujllo :
_bBolivar,
_c1947.
300 _a59 + 33 páginas ;
_c21 cm.
505 _aContenido: Sugerencia del descontento -- Colonidas y post-colonidas -- La insurgencia provinciana -- El purismo peruano y la evasion...
650 _aLiteratura peruana.
_9169
650 _aPoética.
_9391
650 _aLiteratura.
_983
942 _2ddc
_cLIBROS
945 _awfj